| 000 | 00786cam a2200265 i 4500 | ||
|---|---|---|---|
| 001 | 2278627 | ||
| 003 | BD-DhUL | ||
| 005 | 20160728154423.0 | ||
| 008 | 790125s1978 ii b 001 0 eng | ||
| 010 | _a 78903601 | ||
| 020 | _cRs50.00 | ||
| 040 |
_cBD-DhUL _dBD-DhUL |
||
| 043 | _aa-ii--- | ||
| 050 | 0 | 0 |
_aDS480.84 _b.J265 |
| 082 |
_a954.04 _bJAG |
||
| 100 | 1 |
_aJain, P. K. _q(Padam Kumar), _d1939- |
|
| 245 | 1 | 4 |
_aThe glorious revolution in India : _ban analysis of historical foundations, 1947-1977 / _c P. K. Jain. |
| 250 | _a1st ed. | ||
| 260 |
_aNew Delhi : _bGitanjali Prakashan, _c1978. |
||
| 300 |
_a3, 196 p. ; _c23 cm. |
||
| 500 | _aIncludes index. | ||
| 504 | _aBibliography: p. [183]-191. | ||
| 651 | 0 |
_aIndia _xPolitics and government _y1947- |
|
| 942 |
_2ddc _cBK |
||
| 999 |
_c89713 _d89713 |
||